00808nam a2200229 a 4500001001000000003000900010005001700019007000300036008003200039020001800071040002500089082002900114100003500143245005600178260007300234300002100307500007100328500005700399650002400456650002600480710007200506000044632DO-SdBNP20230815110418.0ta141210s2014 dr 000 0 spa d a9789945475906 aDO-SdBNPbspacBPMSU 4aRD863.44bD542i 20142221 aDíaz Guerra, Eduardo,d1954-10aInocente mariposa /cEduardo Enrique Díaz Guerra. aSanto Domingo :bDirección Nacional de la Feria del Libro ,c2014. a525 p. ;c23 cm. aIncluye refencias bibliográficas y notas al pie de las páginas aIncluye datos biográficos del autor en las solapas 4aCuentos dominicanos 4aLiteratura dominicana2 aDirección Nacional de la Feria del Libro (República Dominicana)